| 000 | 00659nam a2200205 a 4500 | ||
|---|---|---|---|
| 005 | 20160224105749.0 | ||
| 008 | 160224r19961994- ad fr|||| 000 0 eng d | ||
| 020 | _a095134661 X | ||
| 040 |
_aCO-BoIAVH _cCO-BoIAVH |
||
| 041 | 0 | _aeng | |
| 044 | _aenk | ||
| 082 | 0 | 4 |
_a307.3364 _bM49m |
| 245 | 0 | 0 |
_aMega-slums : _bthe coming sanitary / _cA WaterAid report written by Maggie Black |
| 260 |
_aLondon : _bWaterAid, _c1994. |
||
| 300 |
_a30 páginas : _bIlustraciones, gráficas ; _c30 x 21 cm. |
||
| 504 | _aIncluye referencias bibliográficas: páginas 29-30. | ||
| 650 | 2 | 6 | _aSaneamiento ambiental |
| 650 | 1 | 6 | _aAgua potable |
| 942 |
_cLIBRO _2ddc |
||
| 999 |
_c5600 _d5600 |
||